Представление документа в формате RUSMARC

ПолеНазваниеЗначение
  Тип записи a
  Библиографический уровень a
001 Контрольный номер RU/CBS_Ul/BASE/543607393
005 Дата корректировки 20240209175211.3
100 Данные общей обработки __
a Данные общей обработки 20170323d2017 ||| 0rusy0189 ca
101 Язык документа 0_
a Язык текста rus
102 Страна публикации __
a Страна публикации RU
105 Кодированные данные (монография) __
a Кодированные данные (монография) y###||||000|y
200 Заглавие и сведения об ответственности 1_
a Заглавие Девушка "из раньше"
b Общее обозначение материала Текст
e Сведения, относящиеся к заглавию [генеологическое дерево Нонны Гришаевой]
f Первые сведения об ответственности Н. Корнеева
300 Общие примечания __
a Общие примечания Ограничения по возрасту - 16+
461 Уровень набора _0
1 2000
a Гала Биография
463 Уровень физической единицы _0
1 001RU/CBS_Ul/BASE/543509961
1 2000
a № 2
v С. 86-93
1 210
d 2017
600 Персоналии _0
a Персоналии (Фамилия) Гришаева
b Персоналии (Имя, инициалы) Н. В.
606 Тематические рубрики 0_
a Основная рубрика Гришаева, Нонна Валентиновна (1971) - Родословная
610 Ключевые слова 0_
a Ключевые слова артисты
a Ключевые слова артистки
a Ключевые слова российские актрисы
a Ключевые слова телеведущие
a Ключевые слова пародисты
a Ключевые слова киноактрисы
686 Индексы других классификаций __
a Классификационный индекс 85.373(2)
2 Код системы ББК
700 Автор _1
a Фамилия Корнеева
b Имя (инициалы) Н.
801 Источник записи _0
a Страна RU
b Организация МБУК ЦБС г. Ульяновска
c Дата составления 20170323
g Правила каталогизации RCR
801 Источник записи _1
a Страна RU
b Организация МБУК ЦБС г. Ульяновска
c Дата составления 20170323
g Правила каталогизации RCR
901 Тип документа __
t Тип документа b
w Контрольный № источника RU/CBS_Ul/BASE/543509961
910 Корректоры записи __
a Корректор записи admin2
938 Служебная информация __
a Имя БД period